| 000 | 00609nam#a22002415a#4500 | ||
|---|---|---|---|
| 001 | 2992 | ||
| 245 | 1 | 0 |
_aBotánica Morfológica / _cÀngel Chiesa. |
| 250 | _a1ª ed. | ||
| 260 |
_aLomas de Zamora : _bUNLZ, _c2017. |
||
| 300 |
_a328 p. : _bfot. ; _c22 cm. |
||
| 490 | 0 | _aColección Bita Rioplatense | |
| 020 | _a9789874653536 | ||
| 100 | 1 | _aChiesa, Ángel. | |
| 080 | _a58-1 | ||
| 084 | _aC45 | ||
| 653 | _aBotánica | ||
| 653 | _aBotánica Morfológica | ||
| 040 |
_aAR-ClEAG _cAR-ClEAG |
||
| 008 | 221214s2017####ag#o###f|f####||1#||spa#| | ||
| 005 | 20241107184809.0 | ||
| 003 | AR-ClEAG | ||
| 942 | _cBK | ||
| 999 |
_c2992 _d2992 |
||
| 980 |
_62 _aEvangelina Gallicchio _82 _gEvangelina Gallicchio |
||